000 00568nam a2200217Ia 4500
005 20230613120147.0
008 131103s9999 xx 000 0 und d
020 _a8176492841
_cRs.135
040 _aLoreto College
041 _aEnglish
082 _a301
_bDIC
100 _aDickens,Peter
245 _aSocial Darwinism
_cPeter Dickens
260 _aDelhi
_bViva Books
_c2002
300 _a134 p.
_b illus.,fig.,charts
504 _aIncludes bibliographical reference and index
650 _aSociology
651 _aSociology
850 _aLCLIB
942 _cBK
999 _c11205
_d61684